LEADER 00989nam0-22003371i-450- 001 990002036360403321 005 20021010 035 $a000203636 035 $aFED01000203636 035 $a(Aleph)000203636FED01 035 $a000203636 100 $a20021010d--------km-y0itay50------ba 101 0 $aita 200 1 $aDiptera Brachycera and Athericera of the Fiji Islands$eBased on material in the British Museum.$fMario Bezzi 210 $aLondon$cBritish Museum$d1928 215 $a220 p.$d22 cm 225 1 $aBritish Museum of Natural History$v 610 0 $aDitteri 610 0 $aDitteri, Islanda 610 0 $aAtherigona 610 0 $aBrachycera 676 $a595.77 700 1$aBezzi,$bMario$f<1868-1927>$086579 801 0$aIT$bUNINA$gRICA$2UNIMARC 901 $aBK 912 $a990002036360403321 952 $a61 V C.4/017$b2040$fDAGEN 959 $aDAGEN 996 $aDiptera Brachycera and Athericera of the Fiji Islands$9407519 997 $aUNINA DB $aING01 LEADER 01314nam a2200265 a 4500 001 991003899709707536 005 20250305151543.0 008 201111s2017 it 001 0 ita d 020 $a9788838694592 035 $ab1440591x-39ule_inst 040 $aBibl. Dip.le Aggr. Scienze Economia - Sez. Settore Economico$bita 082 04$a657.3 100 1 $aVenturelli, Andrea$0474168 245 10$aInformativa non finanziaria e regulation :$btendenze evolutive e relative implicazioni alla luce dell'emanazione del D.Lgs 254/16 /$cAndrea Venturelli, Fabio Caputo 260 $aMilano :$bMcGraw-Hill,$c2017 300 $aIX, 249 p. ;$c24 cm 650 4$aAziende$xResponsabilità sociale 700 1 $aCaputo, Fabio$eauthor$4http://id.loc.gov/vocabulary/relators/aut$0602775 907 $a.b1440591x$b01-02-21$c11-11-20 912 $a991003899709707536 945 $aLE025 ECO 657.3 VEN02.01$g1$i2025000287143$lle025$nLibro di testo Prof. Venturelli e Caputo$o-$pE30.00$q-$rl$sc$t0$u0$v0$w0$x0$y.i15950335$z01-02-21 945 $aLE025 ECO 657.3 VEN02.01$g2$i2025000287150$lle025$nLibro di testo Prof. Venturelli e Caputo$o-$pE30.00$q-$rl$s-$t0$u2$v1$w2$x0$y.i15950347$z01-02-21 996 $aInformativa non finanziaria e regulation$91769565 997 $aUNISALENTO 998 $ale025$b11-11-20$cm$da$e-$fita$git$h0$i0